[Event "Stay Safe Play From Home 385"]
[Site "Emanuel Lasker Arena"]
[Date "2020.08.16"]
[Round "6"]
[White "Tran Minh Thang"]
[Black "Rogan"]
[Result "1-0"]
[WhiteElo "2453"]
[BlackElo "2213"]
[Annotator "TA"]
[PlyCount "115"]
[EventDate "2020.08.16"]
[EventType "swiss (blitz)"]

{[%evp 9,114,20,35,19,16,17,21,-40,45,42,18,-29,-16,-37,0,0,0,0,0,-11,-18,-6,-10,-16,-24,-35,-39,-44,-31,-47,-14,-36,-37,-76,-60,-56,-47,-56,-27,-63,-75,-70,-68,-91,-86,-92,-83,-96,-76,-85,-75,-83,-53,-64,-58,-53,-29,-36,-8,-8,0,0,0,-8,0,0,0,-8,-8,-8,-8,-8,-8,-173,0,0,0,0,0,0,0,0,0,0,0,0,0,0,0,0,0,-8,0,-8,0,0,0,0,0,0,0,0,0,0,0,0,29999]} 1. d4 d5 2. Bf4 c6 3. e3 Qb6 4. b3 Nf6 5. Nf3 Bg4 6. Nbd2 {D02: 1 d4 d5 2 Nf3 sidelines, including 2...Nf6 3 g3 and 2...Nf6 3 Bf4.} Nbd7 7. Bd3 e6 8. h3 (8. c4 $11) 8... Bh5 (8... Bxf3 $1 $15 9. Qxf3 Bb4) 9. O-O $14 {[#]} Bb4 $146 ({Predecessor:} 9... Be7 10. c4 c5 11. a4 O-O 12. a5 Qd8 13. Qb1 Bg6 14. Bxg6 hxg6 15. Rd1 cxd4 16. exd4 {0-1 (39) Batsiashvili,N (2472)-Cosma,E (2333) Antalya 2017}) 10. a3 Bc3 11. Rb1 Bxd2 12. Qxd2 Bxf3 13. gxf3 O-O 14. Kh1 Rfe8 15. Rg1 e5 16. dxe5 Nxe5 17. Bxe5 Rxe5 18. f4 Rh5 19. Rg3 Qc5 20. Rbg1 g6 21. f5 Ne4 ({Much worse is} 21... Qxa3 $6 22. fxg6 fxg6 23. Bxg6 $1 $14 {[%mdl 512]}) 22. Bxe4 $1 dxe4 23. fxg6 hxg6 24. Qd7 {Strongly threatening Rxg6+!} Qf5 25. Qxf5 Rxf5 $17 {[%mdl 4096] Endgame KRR-KRR} 26. Kg2 Rd8 27. Rg4 Rd2 28. Rf1 Rxc2 29. Rxe4 Kf8 30. Rb4 Rb5 31. Rxb5 cxb5 $15 {KR-KR} 32. Rb1 Ra2 33. a4 $1 bxa4 34. bxa4 Rxa4 35. Rxb7 a5 {[%cal Ba7a5,Ba5a4][%mdl 32]} 36. Ra7 Kg7 37. Kg3 Ra1 38. f4 a4 39. e4 a3 40. e5 a2 {White must now prevent ...Rg1+.} 41. Kh4 $2 {[#]} (41. Kh2 $11 {and White is okay.}) 41... Kh6 $2 ({Black should try} 41... Kf8 $1 $19 {And now ...Ke8 would win.} 42. Ra8+ Ke7) 42. Ra8 Rf1 43. Rxa2 Rxf4+ 44. Kg3 Re4 45. Ra5 Kg7 46. Kf3 Re1 47. Rb5 Rh1 48. Kg4 Rg1+ 49. Kf4 Re1 50. Kg3 Rf1 51. Rb7 Rf5 52. e6 Kf8 53. exf7 Rxf7 54. Rb6 Kg7 55. Kg4 Rf5 56. Rb7+ Kh6 57. h4 Rg5+ $2 {[%mdl 8192]} (57... Ra5 $11) 58. hxg5# {Accuracy: White = 83%, Black = 81%.} 1-0

[Event "Stay Safe Play From Home 385"]
[Site "Emanuel Lasker Arena"]
[Date "2020.08.16"]
[Round "6"]
[White "Hickey"]
[Black "MihailoVujic"]
[Result "1-0"]
[WhiteElo "2162"]
[BlackElo "2280"]
[Annotator "TA"]
[PlyCount "89"]
[EventDate "2020.08.16"]
[EventType "swiss (blitz)"]

{[%evp 9,88,-59,-10,-53,-56,-102,-51,-79,-90,-104,-99,-125,-148,-140,-52,-103,17,-2,77,75,58,52,178,163,250,237,245,255,325,324,319,310,303,294,333,305,462,430,542,520,886,809,960,635,603,115,113,111,718,704,1212,911,2814,2776,5089,2964,29994,29995,29995,29994,29996,29996,29997,29996,29996,29996,29997,29996,29996,29996,29996,29996,29996,29997,29997,29997,29997,29998,29998,29999,29999]} 1. Nf3 Nc6 2. g3 e5 3. Bg2 e4 4. Ng1 d5 5. d3 f5 {[#]} 6. h4 $146 {A04: Unusual lines after 1 Nf3 and King's Indian Attack.} ({Predecessor:} 6. Nd2 Nf6 7. b3 Bb4 8. Bb2 e3 9. fxe3 Ng4 10. Bf3 Nxe3 11. Qc1 O-O 12. a3 {0-1 (26) Vedmitsky,D-Barsegian,A (2153) Nebug 2011}) 6... Nf6 7. Bg5 Bc5 (7... Be6 $17 8. Bf4 a6) 8. Nh3 {Black is slightly better.} h6 9. Bxf6 Qxf6 ({Reject} 9... gxf6 $6 10. Nf4 $14) 10. Nf4 Qxb2 11. Nd2 Bb4 (11... Nb4 $17 12. Kf1 c6) 12. O-O {[#]} (12. Nxd5 $15 Bxd2+ 13. Kxd2) 12... Bxd2 (12... Ne7 $1 $17 {aiming for ...g5.} 13. dxe4 dxe4) 13. Qxd2 $11 O-O (13... Ne7 $11) 14. Nxd5 $16 Qe5 15. Nf4 $36 {[%mdl 2048] And now Ng6 would win. White is pushing.} Be6 (15... Rf7 $14) 16. Ng6 $18 Qf6 (16... Qd6 {might work better.}) 17. Nxf8 Rxf8 18. dxe4 fxe4 19. Bxe4 Bh3 20. Qd5+ Kh8 21. Bg2 Be6 22. Qb5 Ne5 (22... Nd4 {was called for.} 23. Qxb7 Bc4 24. Qxa7 Bxe2 25. Qxc7 Bxf1 26. Rxf1 Ne2+ 27. Kh2 Nc3) 23. Qxb7 Ng4 24. Rad1 Nxf2 {[#]} (24... Bc4 $142 25. Qe4 Be6) 25. Rd3 $1 Bg4 (25... Nxd3 26. Rxf6) 26. Qxc7 Bxe2 27. Rf3 $2 (27. Rd6 $18 {has better winning chances.} Qf5 28. Re1) 27... Bxf3 $16 28. Rxf2 Qa1+ $2 {[%mdl 8192]} (28... Qd4 $16 29. c3 Qe4) 29. Kh2 $18 Qd4 30. Rxf3 Rxf3 31. Bxf3 Qf2+ 32. Bg2 Qxc2 33. Qxc2 {White mates.} Kg8 34. Qa4 Kh7 35. Qxa7 h5 36. Qb6 g6 37. a4 Kh6 38. a5 Kg7 39. a6 g5 40. a7 gxh4 41. gxh4 Kh7 42. Qd8 Kg7 43. a8=Q Kh6 44. Qb7 {[%csl Gh4][%cal Rd8g5]} Kg6 45. Qg5# {Accuracy: White = 55%, Black = 19%.} 1-0

[Event "Stay Safe Play From Home 385"]
[Site "Emanuel Lasker Arena"]
[Date "2020.08.16"]
[Round "6"]
[White "SelamiSahin"]
[Black "Grizzzly"]
[Result "1-0"]
[WhiteElo "2105"]
[BlackElo "1850"]
[Annotator "TA"]
[PlyCount "53"]
[EventDate "2020.08.16"]
[EventType "swiss (blitz)"]

{[%evp 9,53,25,42,31,74,20,92,32,107,114,512,489,603,606,603,601,602,604,607,597,595,592,744,697,700,698,899,886,947,966,942,938,1295,964,968,955,952,950,1020,1015,1038,1034,5924,1085,29999,29999]} 1. d4 d6 2. c3 Nf6 3. Nf3 Bf5 4. g3 {[#]} Nbd7 $146 ({Predecessor:} 4... Qd7 5. Qb3 c6 6. Bg2 b5 7. Ng5 Bg6 8. a4 h6 9. Nf3 bxa4 10. Qxa4 Bf5 {1-0 (36) Mabrook,H (2023)-Elsayed,A Mahalla 2015}) 5. Bg2 e5 6. O-O {A46: 1 d4 Nf6 2 Nf3 e6: Torre, London and Colle Systems.} Be7 7. dxe5 (7. Nh4 $16 Be4 8. Bxe4 Nxe4 9. Nf5) 7... Nxe5 (7... dxe5 $11 8. Nh4 Be4) 8. Qb3 (8. Nxe5 $16 dxe5 9. Qb3 (9. Bxb7 O-O $14)) 8... b6 ({Black should play} 8... Nxf3+ $14 9. Bxf3 Rb8) 9. Nxe5 $16 {[%csl Ge5][%cal Rb3f7] [#]} Be6 $2 {[%mdl 8192]} (9... dxe5 $16 10. Rd1 (10. Bxa8 Qxa8 11. Qb5+ Nd7 $14) 10... Nd7) 10. Qa4+ $18 Bd7 11. Nxd7 Nxd7 12. Bxa8 Qxa8 13. Be3 c6 14. Nd2 O-O 15. Nf3 b5 16. Qb3 a5 17. a4 Nc5 18. Bxc5 dxc5 19. axb5 cxb5 20. Qxb5 Rb8 21. Qxa5 Qe4 22. Qa7 Re8 23. Rfe1 f5 24. Qd7 Bf6 25. Ra7 f4 26. gxf4 {[#] aiming for Ne5!} Qxf4 27. Qf7+ {Black did not feel at home in the position after the opening.} 1-0

[Event "Stay Safe Play From Home 385"]
[Site "Emanuel Lasker Arena"]
[Date "2020.08.16"]
[Round "6"]
[White "Don59as"]
[Black "Mamba2001de"]
[Result "1-0"]
[WhiteElo "2057"]
[BlackElo "1459"]
[Annotator "NA"]
[PlyCount "91"]
[EventDate "2020.08.16"]
[EventType "swiss (blitz)"]

1. c3 {[%emt 0:00:01]} e6 {[%emt 0:00:00]} 2. d4 {[%emt 0:00:02]} d5 {[%emt 0:00:01]} 3. g3 {[%emt 0:00:00]} Nf6 {[%emt 0:00:01]} 4. Bg2 {[%emt 0:00:00]} c5 {[%emt 0:00:01]} 5. Nd2 {[%emt 0:00:01]} Nc6 {[%emt 0:00:01]} 6. e3 {[%emt 0:00:01]} Be7 {[%emt 0:00:01]} 7. Ne2 {[%emt 0:00:01]} Bd7 {[%emt 0:00:01]} 8. O-O {[%emt 0:00:00]} O-O {[%emt 0:00:01]} 9. dxc5 {[%emt 0:00:00]} h6 {[%emt 0:00:01]} 10. e4 {[%emt 0:00:00]} Bxc5 {[%emt 0:00:01]} 11. exd5 {[%emt 0:00:01]} exd5 {[%emt 0:00:01]} 12. Nf4 {[%emt 0:00:01]} Be6 {[%emt 0:00:03]} 13. Nb3 {[%emt 0:00:03]} Bb6 {[%emt 0:00:01]} 14. Nxe6 {[%emt 0:00:01]} fxe6 {[%emt 0:00:01]} 15. Re1 {[%emt 0:00:00]} Re8 {[%emt 0:00:01]} 16. Bh3 {[%emt 0:00:01]} e5 {[%emt 0:00:05]} 17. Be3 {[%emt 0:00:02]} d4 {[%emt 0:00:01]} 18. cxd4 {[%emt 0:00:00]} Bxd4 {[%emt 0:00:01]} 19. Nxd4 {[%emt 0:00:01]} Nxd4 {[%emt 0:00:01]} 20. Bxd4 {[%emt 0:00:01]} Qxd4 {[%emt 0:00:02]} 21. Qxd4 {[%emt 0:00:01]} exd4 {[%emt 0:00:01]} 22. Rxe8+ {[%emt 0:00:03]} Rxe8 {[%emt 0:00:02]} 23. Rd1 {[%emt 0:00:00]} Rd8 {[%emt 0:00:01]} 24. Bf5 {[%emt 0:00:02]} Kf7 {[%emt 0:00:02]} 25. a3 {[%emt 0:00:01]} g6 {[%emt 0:00:01]} 26. Bd3 {[%emt 0:00:01]} Nd5 {[%emt 0:00:01]} 27. Kg2 {[%emt 0:00:01]} Nb6 {[%emt 0:00:01]} 28. Rc1 {[%emt 0:00:01]} Na4 {[%emt 0:00:01]} 29. Rc7+ {[%emt 0:00:03]} Kf6 {[%emt 0:00:03]} 30. Rxb7 {[%emt 0:00:01]} a5 {[%emt 0:00:02]} 31. b4 {[%emt 0:00:02]} Nc3 {[%emt 0:00:01]} 32. Rb6+ {[%emt 0:00:02]} Kg7 {[%emt 0:00:04]} 33. Rxg6+ {[%emt 0:00:02]} Kf7 {[%emt 0:00:01]} 34. Rxh6 {[%emt 0:00:01]} axb4 {[%emt 0:00:01]} 35. axb4 {[%emt 0:00:01]} Nd1 {[%emt 0:00:01]} 36. b5 {[%emt 0:00:04]} Nb2 {[%emt 0:00:02]} 37. Be4 {[%emt 0:00:10]} Rb8 {[%emt 0:00:01]} 38. b6 {[%emt 0:00:03]} d3 {[%emt 0:00:01]} 39. b7 {[%emt 0:00:01]} d2 {[%emt 0:00:01]} 40. Bf3 {[%emt 0:00:01]} d1=Q {[%emt 0:00:02]} 41. Rh7+ {[%emt 0:00:01]} Kg6 {[%emt 0:00:01]} 42. Bxd1 {[%emt 0:00:02]} Nxd1 {[%emt 0:00:01]} 43. Rc7 {[%emt 0:00:01]} Kf6 {[%emt 0:00:01]} 44. h4 {[%emt 0:00:00]} Ke6 {[%emt 0:00:01]} 45. h5 {[%emt 0:00:00]} Kd6 {[%emt 0:00:01]} 46. Rg7 {[%emt 0:00:00] Zeit Zeit Zeit (Lag: Av=0.46s, max=0.8s) (Lag: Av=0.46s, max=0.8s) (Lag: Av=0.46s, max=0.8s)} 1-0

[Event "Stay Safe Play From Home 385"]
[Site "Emanuel Lasker Arena"]
[Date "2020.08.16"]
[Round "6"]
[White "Stefanone"]
[Black "Buzaglo"]
[Result "1-0"]
[WhiteElo "1988"]
[BlackElo "1916"]
[PlyCount "29"]
[EventDate "2020.08.16"]
[EventType "swiss (blitz)"]

1. d4 {[%emt 0:00:01]} e6 {[%emt 0:00:00]} 2. e3 {[%emt 0:00:00]} d5 {[%emt 0:00:00]} 3. f4 {[%emt 0:00:00]} Nf6 {[%emt 0:00:00]} 4. Nf3 {[%emt 0:00:00]} Be7 {[%emt 0:00:00]} 5. Bd3 {[%emt 0:00:00]} c5 {[%emt 0:00:00]} 6. c3 {[%emt 0:00:00]} cxd4 {[%emt 0:00:00]} 7. exd4 {[%emt 0:00:00]} Nc6 {[%emt 0:00:00]} 8. Ne5 {[%emt 0:00:00]} Bd6 {[%emt 0:00:02]} 9. O-O {[%emt 0:00:01]} O-O {[%emt 0:00:01]} 10. Rf3 {[%emt 0:00:01]} Ne4 {[%emt 0:00:01]} 11. Nd2 {[%emt 0:00:01]} Nxd2 {[%emt 0:00:03]} 12. Bxh7+ {[%emt 0:00:01]} Kxh7 {[%emt 0:00:04]} 13. Rh3+ {[%emt 0:00:01]} Kg8 {[%emt 0:00:04]} 14. Qh5 {[%emt 0:00:01]} Nf3+ {[%emt 0:00:12]} 15. gxf3 {[%emt 0:00:00] Buzaglo resigns Buzaglo resigns Buzaglo resigns (Lag: Av=0.48s, max=1.3s) (Lag: Av=0.48s, max=1.3s) (Lag: Av=0.48s, max=1.3s)} 1-0

[Event "Stay Safe Play From Home 385"]
[Site "Emanuel Lasker Arena"]
[Date "2020.08.16"]
[Round "6"]
[White "Gibiz144"]
[Black "Roefe Detlef"]
[Result "0-1"]
[WhiteElo "1611"]
[BlackElo "1514"]
[Annotator "NA"]
[PlyCount "84"]
[EventDate "2020.08.16"]
[EventType "swiss (blitz)"]

1. d4 {[%emt 0:00:01]} d5 {[%emt 0:00:02]} 2. Bg5 {[%emt 0:00:01]} e6 {[%emt 0:00:00]} 3. Bxd8 {[%emt 0:00:02]} Kxd8 {[%emt 0:00:00]} 4. e3 {[%emt 0:00:02]} c6 {[%emt 0:00:01]} 5. c4 {[%emt 0:00:01]} Nf6 {[%emt 0:00:01]} 6. cxd5 {[%emt 0:00:01]} exd5 {[%emt 0:00:02]} 7. Nc3 {[%emt 0:00:01]} Bd6 {[%emt 0:00:01]} 8. Qb3 {[%emt 0:00:01]} Ke8 {[%emt 0:00:00]} 9. a4 {[%emt 0:00:04]} g5 {[%emt 0:00:01]} 10. a5 {[%emt 0:00:01]} a6 {[%emt 0:00:02]} 11. Na4 {[%emt 0:00:02]} Nbd7 {[%emt 0:00:02]} 12. Nb6 {[%emt 0:00:02]} Nxb6 {[%emt 0:00:01]} 13. Qxb6 {[%emt 0:00:01]} Kd7 {[%emt 0:00:02]} 14. Nf3 {[%emt 0:00:02]} Bc7 {[%emt 0:00:01]} 15. Ne5+ {[%emt 0:00:01]} Kd8 {[%emt 0:00:03]} 16. Qc5 {[%emt 0:00:01]} Bxe5 {[%emt 0:00:03]} 17. dxe5 {[%emt 0:00:01]} Nd7 {[%emt 0:00:01]} 18. Qd6 {[%emt 0:00:02]} h5 {[%emt 0:00:01]} 19. Bd3 {[%emt 0:00:02]} g4 {[%emt 0:00:03]} 20. Bf5 {[%emt 0:00:01]} Ke8 {[%emt 0:00:02]} 21. Bxd7+ {[%emt 0:00:02]} Bxd7 {[%emt 0:00:01]} 22. O-O {[%emt 0:00:03]} Be6 {[%emt 0:00:01]} 23. f4 {[%emt 0:00:02]} Rd8 {[%emt 0:00:00]} 24. Qc5 {[%emt 0:00:01]} Bf5 {[%emt 0:00:03]} 25. Qb6 {[%emt 0:00:02]} Rd7 {[%emt 0:00:02]} 26. Rac1 {[%emt 0:00:02]} Ke7 {[%emt 0:00:00]} 27. Rc5 {[%emt 0:00:02]} Rhd8 {[%emt 0:00:00]} 28. g3 {[%emt 0:00:02]} Be4 {[%emt 0:00:01]} 29. Qb4 {[%emt 0:00:01]} Ke6 {[%emt 0:00:01]} 30. Rfc1 {[%emt 0:00:03]} f6 {[%emt 0:00:01]} 31. Qa4 {[%emt 0:00:01]} fxe5 {[%emt 0:00:01]} 32. Rxc6+ {[%emt 0:00:01]} bxc6 {[%emt 0:00:02]} 33. Qxc6+ {[%emt 0:00:01]} Rd6 {[%emt 0:00:00]} 34. Qc7 {[%emt 0:00:02]} R6d7 {[%emt 0:00:02]} 35. Qxe5+ {[%emt 0:00:01]} Kf7 {[%emt 0:00:01]} 36. f5 {[%emt 0:00:01]} Re7 {[%emt 0:00:00]} 37. Qf4 {[%emt 0:00:01]} Kf6 {[%emt 0:00:01]} 38. h3 {[%emt 0:00:02]} Rg8 {[%emt 0:00:02]} 39. h4 {[%emt 0:00:01]} d4 {[%emt 0:00:04]} 40. Rc6+ {[%emt 0:00:00]} Bxc6 {[%emt 0:00:01]} 41. Qd6+ {[%emt 0:00:01]} Kf7 {[%emt 0:00:02]} 42. Qxc6 {[%emt 0:00:00]} d3 {[%emt 0:00:02] Zeit Zeit Zeit (Lag: Av=0.36s, max=0.8s) (Lag: Av=0.36s, max=0.8s) (Lag: Av=0.36s, max=0.8s)} 0-1

[Event "Stay Safe Play From Home 385"]
[Site "Emanuel Lasker Arena"]
[Date "2020.08.16"]
[Round "6"]
[White "Dreamsoldier"]
[Black "Strelka6"]
[Result "0-1"]
[WhiteElo "1267"]
[BlackElo "1869"]
[Annotator "NA"]
[PlyCount "59"]
[EventDate "2020.08.16"]
[EventType "swiss (blitz)"]

{- vera, Domingo} 1. d4 {[%emt 0:00:01]} d5 {[%emt 0:00:01]} 2. e3 {[%emt 0:00:00]} c6 {[%emt 0:00:01]} 3. Bd3 {[%emt 0:00:00]} Nf6 {[%emt 0:00:02]} 4. Nf3 {[%emt 0:00:00]} Bg4 {[%emt 0:00:01]} 5. Be2 {[%emt 0:00:01]} Nbd7 {[%emt 0:00:01]} 6. Ng1 {[%emt 0:00:00]} Bxe2 {[%emt 0:00:01]} 7. Nxe2 {[%emt 0:00:00]} g6 {[%emt 0:00:00]} 8. O-O {[%emt 0:00:00]} Bg7 {[%emt 0:00:00]} 9. Nbc3 {[%emt 0:00:01]} O-O {[%emt 0:00:00]} 10. Nf4 {[%emt 0:00:01]} Ne4 {[%emt 0:00:01]} 11. Nce2 {[%emt 0:00:00]} f5 {[%emt 0:00:01]} 12. Ne6 {[%emt 0:00:03]} Qc8 {[%emt 0:00:02]} 13. Nxf8 {[%emt 0:00:01]} Qxf8 {[%emt 0:00:00]} 14. Nf4 {[%emt 0:00:01]} e6 {[%emt 0:00:01]} 15. Nxe6 {[%emt 0:00:04]} Qe7 {[%emt 0:00:00]} 16. Nxg7 {[%emt 0:00:01]} Kxg7 {[%emt 0:00:01]} 17. Qf3 {[%emt 0:00:03]} Nef6 {[%emt 0:00:00]} 18. Bd2 {[%emt 0:00:03]} Ne4 {[%emt 0:00:00]} 19. Bc3 {[%emt 0:00:04]} Nxc3 {[%emt 0:00:01]} 20. bxc3 {[%emt 0:00:00]} Nf6 {[%emt 0:00:00]} 21. Qe2 {[%emt 0:00:04]} Ne4 {[%emt 0:00:00]} 22. Qd3 {[%emt 0:00:01]} Rc8 {[%emt 0:00:02]} 23. Qe2 {[%emt 0:00:04]} Nxc3 {[%emt 0:00:01]} 24. Qf3 {[%emt 0:00:04]} Ne4 {[%emt 0:00:01]} 25. Rab1 {[%emt 0:00:03]} Nd2 {[%emt 0:00:01]} 26. Rbd1 {[%emt 0:00:04]} Nxf1 {[%emt 0:00:01]} 27. Rxf1 {[%emt 0:00:01]} b6 {[%emt 0:00:01]} 28. Rb1 {[%emt 0:00:02]} Qe4 {[%emt 0:00:01]} 29. Qxe4 {[%emt 0:00:01]} fxe4 {[%emt 0:00:00]} 30. Rxb6 {[%emt 0:00:01] Dreamsoldier terk eder Dreamsoldier terk eder Dreamsoldier terk eder (Lag: Av=0.47s, max=1.3s) (Lag: Av=0.47s, max=1.3s) (Lag: Av=0.47s, max=1.3s)} 0-1

[Event "Stay Safe Play From Home 385"]
[Site "Emanuel Lasker Arena"]
[Date "2020.08.16"]
[Round "7"]
[White "Tran Minh Thang"]
[Black "Lazieri3"]
[Result "1-0"]
[WhiteElo "2460"]
[BlackElo "2123"]
[Annotator "TA"]
[PlyCount "105"]
[EventDate "2020.08.16"]
[EventType "swiss (blitz)"]

{[%evp 9,105,4,7,0,0,0,8,5,25,20,24,20,29,20,64,0,0,0,11,0,0,0,0,0,2,0,10,0,10,0,0,-7,0,-9,-10,-27,-30,-29,-18,-23,-18,-28,0,0,1,1,1,1,1,-77,1,0,0,-89,1,-262,-254,-237,12,16,88,146,106,108,341,360,483,454,407,395,29977,29978,29969,5502,29980,29983,29983,29981,29984,29985,29985,29986,29989,29990,29991,29992,29993,29994,29994,29993,29995,29996,29997,29995,29995,29996,29996,1666]} 1. b3 c6 2. Bb2 d5 3. Nf3 Nf6 4. e3 Bf5 5. c4 e6 6. d4 {A12: English Opening: 1...c6 with b3 by White.} Bb4+ 7. Nbd2 {[#]} Qe7 $146 (7... O-O {is interesting.} 8. a3 Ba5 9. b4 Bc7 10. Be2 Ne4) ({Predecessor:} 7... Ne4 8. a3 Ba5 9. b4 Bc7 10. Be2 O-O 11. O-O Nd7 12. Rc1 Ndf6 13. Ne5 Nxd2 14. Qxd2 {0-1 (40) Zaalmink,B (1367)-De Heij,M (1617) Borne 2019}) 8. Be2 {The position is equal.} Ba3 9. Bxa3 Qxa3 10. O-O O-O 11. Ne5 Nbd7 12. f4 (12. g4 $14 Bg6 13. h4) 12... Nxe5 $11 13. fxe5 Ne4 14. Nxe4 Bxe4 15. Bd3 Bxd3 16. Qxd3 Qe7 17. Rf3 f5 18. Raf1 g6 19. c5 b6 20. Rc1 b5 21. Qd2 a5 {[%cal Ba7a5,Ba5a4][%mdl 32]} 22. a3 a4 23. b4 Rf7 24. Qf2 Raf8 25. Rf1 Qg5 26. Rg3 Qe7 27. Qf4 Kh8 28. Qh6 {aiming for Rxg6.} Rg8 29. Rf4 (29. h4 $11) 29... Qf8 ({Black should play} 29... g5 $1 $17 {[%cal Rg5f4]} 30. Rf1 Rfg7) 30. Qg5 Qe7 31. Qh6 (31. Qxe7 $11 {keeps the balance.} Rxe7 32. h4) 31... Qf8 (31... g5 $1 $17 {[%cal Rg5f4]} 32. Rf2 Rfg7) 32. Qh3 $2 {[%mdl 8192] [#]} (32. Qxf8 $11 Rfxf8 33. h4) 32... g5 $1 $19 {[%cal Rg5f4]} 33. Rf2 {[#]} f4 $2 (33... Rg6 $1 $19 {[%cal Rg6h6]} 34. Qh5 g4) 34. exf4 $11 Rxf4 (34... Rf5 $1 $11 {remains equal.}) 35. Rgf3 $16 Rxf3 36. Rxf3 {[%mdl 4096] Endgame KQR-KQR} Qe7 $2 (36... g4 $16 {keeps fighting.} 37. Rxf8 gxh3 38. Rxg8+ Kxg8) 37. Rf6 $18 Re8 38. Qh5 {Threatens to win with Rf7.} Rf8 39. Qxg5 Rxf6 $2 (39... Rg8 $18 40. Qh6 Qg7 41. Qxg7+ Kxg7 42. Rxe6 Kf7 43. Rxc6 Rg4) 40. exf6 {KQ-KQ} Qf7 41. Kf2 Qg6 42. Qxg6 {White mates.} hxg6 {KP-KP} 43. g4 Kh7 44. g5 Kg8 45. Kf3 Kf7 46. Kf4 e5+ 47. Kxe5 Ke8 48. Ke6 Kf8 49. f7 Kg7 50. Ke7 Kh7 51. Ke8 Kg7 52. f8=Q+ Kh7 53. Qh6+ {Accuracy: White = 83%, Black = 60%.} (53. Qe7+ $142 Kh8 54. Kf7 Kh7 55. Kf8+ Kh8 56. Qg7#) 1-0

[Event "Stay Safe Play From Home 385"]
[Site "Emanuel Lasker Arena"]
[Date "2020.08.16"]
[Round "7"]
[White "Mepe_Nika"]
[Black "Stefanone"]
[Result "1-0"]
[WhiteElo "2356"]
[BlackElo "2001"]
[Annotator "TA"]
[PlyCount "67"]
[EventDate "2020.08.16"]
[EventType "swiss (blitz)"]

{[%evp 9,67,48,93,90,96,72,87,88,77,82,131,95,146,88,102,45,73,47,52,53,85,91,112,47,122,122,141,114,114,114,153,141,141,135,166,159,202,196,268,196,247,229,229,210,229,201,564,337,741,366,628,288,288,196,833,849,847,837,821,810]} 1. d4 d5 2. Bf4 c6 3. e3 e6 4. c4 a6 5. Nc3 f5 6. Nf3 {D00: 1 d4 d5: Unusual lines.} Nf6 {[#]} 7. Qc2 $146 (7. Bd3 {looks sharper.} Be7 8. c5 O-O 9. O-O Ne4 10. Na4) ({Predecessor:} 7. c5 Nbd7 8. a4 a5 9. Qc2 Be7 10. Bd3 h6 11. h4 Ne4 12. h5 Ng5 13. Ne5 Nxe5 14. Bxe5 {1-0 (28) Simonetto,A (1637)-Belloni,U (1808) Mogliano Veneto 2013}) 7... Bd6 8. Bd3 {White is better.} Bxf4 9. exf4 Ne4 10. O-O O-O {[#]} (10... b5 $142) 11. Ne5 (11. c5 $142 $1) 11... Nd7 12. cxd5 ({Much worse is} 12. Bxe4 fxe4 13. Qd2 Nxe5 $11) (12. Ne2 $16) 12... exd5 13. f3 Nxe5 14. fxe5 Nxc3 15. bxc3 Qe7 16. c4 (16. Rfb1 $16) 16... Be6 (16... dxc4 $14 17. Bxc4+ Be6) 17. c5 $16 g5 18. Rab1 Rf7 19. Rb3 Ra7 20. Rfb1 Kh8 21. Qd2 Bc8 22. f4 gxf4 23. Qxf4 Rg7 (23... a5 {was worth a try.} 24. Bc2 Be6) 24. Bc2 Qg5 (24... Ra8 $142 25. g3 Qf7) 25. Qxg5 Rxg5 26. Rf3 Kg7 27. Rbf1 Kg6 $2 (27... Ra8 {is a better chance.} 28. h3 Rb8) 28. h3 h5 $2 (28... Kg7 29. Kh2 (29. Bxf5 Bxf5 30. Rxf5 Rxf5 $18) 29... Be6) 29. Rf4 (29. h4 $142) 29... Be6 $2 (29... Kg7 30. h4 (30. Bxf5 Rxf5 31. Rxf5 Bxf5 $18) 30... Rg4 31. Rxg4+ fxg4) 30. Kh2 (30. h4 $142 Rg3 31. Bxf5+ Bxf5 32. Rxf5) 30... Ra8 $18 31. Bd1 {Strongly threatening h4.} Rf8 $2 (31... Kh6 32. Bc2 Rag8) 32. h4 {White is clearly winning.} Rg4 33. Bxg4 hxg4 {[#]} 34. Rxg4+ $1 {[%mdl 576] Pin. Accuracy: White = 45%, Black = 28%.} 1-0

[Event "Stay Safe Play From Home 385"]
[Site "Emanuel Lasker Arena"]
[Date "2020.08.16"]
[Round "7"]
[White "MihailoVujic"]
[Black "SelamiSahin"]
[Result "1-0"]
[WhiteElo "2258"]
[BlackElo "2111"]
[Annotator "TA"]
[PlyCount "29"]
[EventDate "2020.08.16"]
[EventType "swiss (blitz)"]

{[%evp 9,29,0,28,0,10,0,72,60,98,97,93,80,81,28,133,105,92,18,83,76,29997,29998]} 1. e4 c6 2. d4 d5 3. f3 e6 4. Nc3 Bb4 5. Bd2 Qb6 {[#]} 6. Nge2 $146 {B12: Caro-Kann: Advance Variation.} ({Predecessor:} 6. a3 Be7 7. Nge2 Nf6 8. e5 Nfd7 9. Na4 Qc7 10. b4 b6 11. Ng3 Ba6 12. Bxa6 Nxa6 13. Qe2 Qc8 14. O-O c5 15. c3 Nc7 16. f4 g6 17. Nh1 h5 18. Nf2 Qa6 19. Qxa6 {½-½ (20) Grabowicz,M (1889)-Tegi,R (1796) Warsaw 2014}) 6... Nd7 7. a3 Bxc3 (7... Bd6 $11) 8. Bxc3 $16 {White is better.} dxe4 9. fxe4 Ngf6 10. Ng3 O-O 11. Bd3 (11. Qd2 $16) 11... Qc7 (11... c5 $11 {keeps the balance.}) 12. e5 Nd5 {[#]} 13. Qh5 (13. O-O $1 $16) 13... g6 (13... f5 $1 $11 {remains equal.}) 14. Qh6 {Intending Nh5! and mate.} Nxc3 $4 {[%mdl 8192]} (14... f5 $16) 15. Nh5 $1 {Accuracy: White = 33%, Black = 24%.} 1-0